| 000 | 01238nam a2200325 a 4500 | ||
|---|---|---|---|
| 001 | 000115959 | ||
| 003 | CHAP | ||
| 005 | 20220329144555.0 | ||
| 008 | 190821s2019 mx a |sm |||||||spa d | ||
| 010 | _a112420 | ||
| 011 | _a113392 | ||
| 040 | _cCHAP | ||
| 090 | _aTesis | ||
| 100 | 1 |
_aMéndez Cervantes, José Elias. _9136636 |
|
| 245 | 1 | 0 |
_aEfecto del biocarbón inoculado con un consorcio comercial microbiano, aplicado en suelo con Raphanus sativus L. interpretado mediante cromatografía _h[En línea] _cpor José Elias Méndez Cervantes. |
| 260 |
_aChapingo, Méx. : _bEl autor, _c2019. |
||
| 500 | _aPara ver el contenido del material haga clic en la liga | ||
| 502 | _aTesis (Ingeniero en Agroecología) -- UACH. Departamento de Agroecología | ||
| 590 |
_aBATCH-UPD _b05 _c20190821 _lUCH01 _h1443 |
||
| 590 |
_aE11695DGD _b10 _c20190821 _lUCH01 _h1539 |
||
| 590 |
_aE6337LMJ _b05 _c20190821 _lUCH01 _h1442 |
||
| 590 |
_aE6337LMJ _b05 _c20190821 _lUCH01 _h1442 |
||
| 650 | 1 | 4 |
_aRábanos _xRendimiento. _997861 |
| 650 | 1 | 4 |
_aSuelos _xCalidad. _9132383 |
| 650 | 1 | 4 |
_aSuelos _xMicroorganismos. _9110437 |
| 856 |
_aFinding aid _uhttp://10.13.5.2/tesis/sist115959.pdf _zTeclea aquí |
||
| 901 | _aBK | ||
| 942 | _cTESIS | ||
| 942 | _n0 | ||
| 999 |
_c112420 _d112420 |
||